Statistics for Minecraft: Very Difficult Quiz

Click here to take the quiz!

General Stats

  • This quiz has been taken 147 times
  • The average score is 9 of 20

Answer Stats

QuestionAnswer% Correct
the weakness of endermenwater
98%
weapon used by drownedtrident
95%
used to breed chickensseeds
94%
those who protect ocean monumentsguardians
74%
mobs who raid villagespillagers
65%
the weapon used by the enemies who spawn in outpostscrossbow
63%
item obtained by using glass bottles after an ender dragon attackdragon's breath
63%
outposts commonly have this mob in a cageiron golem
62%
mob sometimes found in a cage below an igloozombie villager
53%
creepers are scared of these mobsocelots
52%
in update 1.16, the zombie pigman was renamed to thezombified piglin
42%
the "bountiful update"1.8
41%
3 of these are used to craft a campfirelogs
36%
item which turns into netherite scrap when smeltedancient debris
34%
food item that teleports you when eatenchorus fruit
30%
when a red mooshroom is struck by lightning, it turns into abrown mooshroom
13%
you need 4 of these to craft a purpur blockpopped chorus fruit
11%
name of achievement got by killing a witherthe beginning
4%
villages need a population of at least 20 for this event to startzombie siege
2%
withers are not hostile to undead mobs, players in peaceful or creative mode, andghasts
1%

Score Distribution

Percentile by Number Answered

Percent of People with Each Score

Your Score History

You have not taken this quiz